| 000 | 00876cam a22002651 4500 | ||
|---|---|---|---|
| 001 | gs 48000007 | ||
| 003 | DLC | ||
| 005 | 20260227111353.0 | ||
| 008 | 770120s1947 xx 000 0 eng c | ||
| 010 | _ags 48000007 | ||
| 035 | _a(OCoLC)2690817 | ||
| 040 |
_aU.S. Geol. Survey. Library. _cTxEU _dOCoLC _dDLC |
||
| 042 | _apremarc | ||
| 050 | 0 | 0 |
_aTN24.N3 _bO9 |
| 082 | _a553 | ||
| 100 | 1 | _aOverton, Theodore D. | |
| 245 | 1 | 0 | _aMineral resources of Douglas, Ormsby, and Washoe Counties. |
| 260 |
_a[Reno, _bThe University] _c1947. |
||
| 300 |
_a91 p. _billus. 5 fold. maps (in pocket) _c23 cm. |
||
| 490 | 1 |
_aUniversity of Nevada Bulletin, _vv. 41, no. 9. Geology and mining series no. 46 |
|
| 504 | _a"References": p. 87-88. | ||
| 650 | 0 |
_aMines and mineral resources _zNevada. |
|
| 650 | 0 |
_aGeology _zNevada. |
|
| 810 | 2 |
_aNevada Bureau of Mines. _tBulletin ; _vno. 46. |
|
| 999 |
_c28232 _d28232 |
||